000 00755cab a2200241 4500
001 ABS53313
008 090401t1995 xxu||||| |||| 00| 0 eng d
035 _a(Sirsi) u3472
041 _aeng
100 _aMinogue, A.
245 2 _aA systematic approach
260 _c1995
350 _a0
490 _aBuilding
_v260(7900) 14 July 1995, 40(1)
520 _aHighlights the drawbacks to computerised centralised document management. Raises issues such as confidentiality, liability when altering drawings, discovery and copyright.
650 _aCENTRALISED DOCUMENT MANAGEMENT
650 _aDOCUMENT MANAGEMENT
650 _aDOCUMENT SYSTEMS
650 _aPAPERWORK
690 _aProject management
_96261
942 _n0
948 _c04/03/1997
999 _c2134
_d2134